| 000 | 01025cab a2200289 4500 | ||
|---|---|---|---|
| 001 | ABS48690 | ||
| 008 | 090401t1993 xxu||||| |||| 00| 0 eng d | ||
| 035 | _a(Sirsi) u68091 | ||
| 041 | _aeng | ||
| 100 | _aFleming, M. | ||
| 245 | _aHousing markets in the European Community - France | ||
| 260 | _c1993 | ||
| 350 | _a0 | ||
| 490 |
_aCBSI Journal _v217(47) May 1993, 24-27(4) |
||
| 520 | _aFirst in a series of articles on the housing markets in the different European countries as a follow up to a previous comparative article (see Abs48273). Focuses this month on France. Covers key housing market indicators, demographic structure and household projections, housing stock and tenure, house prices and the housing finance system. | ||
| 650 | _aDEMOGRAPHY | ||
| 650 | _aFRANCE | ||
| 650 | _aHOUSE PRICES | ||
| 650 | _aHOUSEHOLDS | ||
| 650 | _aHOUSING MARKET | ||
| 650 | _aHOUSING TENURE | ||
| 690 | _aHOUSING | ||
| 690 | _aOVERSEAS-EUROPE | ||
| 700 | _aNellis, J. | ||
| 942 | _n0 | ||
| 948 | _c04/03/1997 | ||
| 999 |
_c42687 _d42687 |
||